European car of the year / Voiture européenne de l'année - Statistics

General Stats
  • This quiz has been taken 146 times
    105 since last reset
  • The average score is 11 of 60
Answer Stats
Année Marque % Correct
1991 Renault Clio
66%
2006 Renault Clio
66%
2020 Peugeot 208
60%
2017 Peugeot 3008
44%
1992 Volkswagen Golf
43%
2013 Volkswagen Golf
43%
2003 Renault Megane
41%
2014 Peugeot 308
38%
2008 Fiat 500
37%
2010 Volkswagen Polo
37%
1997 Renault Megane Scenic
30%
2000 Toyota Yaris
28%
2021 Toyota Yaris
28%
2002 Peugeot 307
22%
2015 Volkswagen Passat
22%
1988 Peugeot 405
21%
1999 Ford Focus
20%
2016 Opel Astra / Vauxhall Astra
20%
2005 Toyota Prius
18%
2004 Fiat Panda
17%
1975 Citroën CX
16%
1995 Fiat Punto
16%
1989 Fiat Tipo
15%
1993 Nissan Micra
15%
1984 Fiat Uno
14%
1994 Ford Mondeo
14%
1973 Audi 80
13%
1981 Ford Escort
13%
1969 Peugeot 504
13%
1966 Renault 16
13%
1990 Citroën XM
11%
1996 Fiat Bravo / Fiat Brava
11%
1985 Opel Kadett / Vauxhall Astra
11%
2018 Volvo XC40
11%
2001 Alfa Romeo 147
10%
1983 Audi 100
10%
1967 Fiat 124
10%
1980 Lancia Delta
10%
2011 Nissan Leaf
10%
2009 Opel Insignia / Vauxhall Insignia
10%
1982 Renault 9
10%
1998 Alfa Romeo 156
9%
2023 Jeep Avenger
9%
2022 Kia EV6
9%
1987 Opel Omega
9%
2007 Ford S-Max
8%
1974 Mercedes 450
8%
2012 Opel Ampera / Chevrolet Volt
8%
1964 Rover P6 2000
8%
1971 Citroën GS
7%
1972 Fiat 127
7%
1986 Ford Scorpio
7%
1965 Austin 1800
6%
1970 Fiat 128
6%
2019 Jaguar I-Pace
6%
1978 Porsche 928
6%
1977 Rover SD1 3500
6%
1979 Simca Horizon
6%
1976 Simca 1307-1308
5%
1968 NSU Ro 806
1%
No matching quizzes found
Score Distribution
Percent of People with Each Score
Percentile by Number Answered
Your Score History
You have not taken this quiz since the last reset